Business basics in Hawaii : secrets of starting your own small business in our state /

Bibliographic Details
Main Author: Kondo, Dennis
Corporate Author: NetLibrary, Inc
Format: eBook
Language:English
Published: Honolulu, Hawaii : University of Hawai'i Press, [1998]
Edition:Rev. ed.
Subjects:
Online Access:Connect to the full text of this electronic book

MARC

Tag First Indicator Second Indicator Subfields
LEADER 00000cam a2200000La 4500
001 in00001742321
005 20220105121809.0
006 m u
007 cr cn-
008 001009s1998 hiua s s001 0 eng d
010 |z  98008623  
020 |a 0585279829 (electronic bk.) :  |c $18.00 
020 |z 0824811933 (alk. paper) 
035 |a (OCoLC)ocm45733357 
040 |a N$T  |c N$T  |d OCL  |d UtOrBLW 
043 |a n-us-hi 
049 |a IKMN 
050 1 4 |a HD2346.U52  |b H35 1998eb 
082 0 4 |a 658.1/1/099693  |2 21 
100 1 |a Kondo, Dennis.  |0 http://id.loc.gov/authorities/names/n88082340 
245 1 0 |a Business basics in Hawaii :  |b secrets of starting your own small business in our state /  |c Dennis Kondo. 
250 |a Rev. ed. 
264 1 |a Honolulu, Hawaii :  |b University of Hawai'i Press,  |c [1998] 
264 4 |c ©1998 
300 |a xvi, 263 pages :  |b illustrations ;  |c 23 cm. 
336 |a text  |b txt  |2 rdacontent 
337 |a computer  |b c  |2 rdamedia 
338 |a online resource  |b cr  |2 rdacarrier 
500 |a "A Latitude 20 book." 
504 |a Includes bibliographical references and index. 
533 |a Electronic reproduction.  |b Boulder, Colo. :  |c NetLibrary,  |d 2000.  |n Available via World Wide Web.  |n Access may be limited to NetLibrary affiliated libraries. 
500 |a Electronic resource. 
650 0 |a New business enterprises  |z Hawaii. 
650 0 |a Small business  |z Hawaii. 
655 7 |a Electronic books.  |2 local 
710 2 |a NetLibrary, Inc.  |0 http://id.loc.gov/authorities/names/no99080690 
776 1 |c Original  |w (DLC) 98008623  |w (OCoLC)39281788 
856 4 1 |u https://proxy.library.tamu.edu/login?url=http://www.netLibrary.com/urlapi.asp?action=summary&v=1&bookid=35324  |z Connect to the full text of this electronic book  |t 0 
994 |a 92  |b IKM 
999 |a MARS 
999 f f |s aa7bce3b-11db-35b4-97ca-6b2388c84333  |i f10fcd4c-08d2-3524-8bb0-cc0aa165d140  |t 0 
952 f f |a Texas A&M University  |b College Station  |c Electronic Resources  |d Available Online  |t 0  |e HD2346.U52 H35 1998eb  |h Library of Congress classification 
998 f f |a HD2346.U52 H35 1998eb  |t 0  |l Available Online